Fernsehen: Wer moderierte die Sendung in den 90ern? - Statistiken

Allgemein
  • Dieses Quiz wurde 206 mal gespielt
  • Das Durchschnittsergebnis liegt bei 9 aus 20
Antwortstatistiken
Sendung Sender Moderator(in) % Korrekt
stern TV RTL Günther Jauch
83%
alfredissimo! ARD Alfred Biolek
82%
Tutti Frutti RTL Hugo Egon Balder
81%
Geld oder Liebe ARD Jürgen von der Lippe
60%
Mini Playback Show RTL Marijke Amado | Jasmin Wagner
51%
Die 100.000 Mark Show RTL Ulla Kock am Brink
49%
Geh aufs Ganze! Sat.1 Jörg Draeger | Elmar Hörig
47%
Der Preis ist heiß RTL Harry Wijnvoord
46%
Zimmer frei WDR Christine Westermann | Götz Alsmann
44%
Glücksrad Sat.1 Frederic Meisner | Peter Bond | Maren Gilzer | Sonya Kraus
44%
Wa(h)re Liebe VOX Lilo Wanders
43%
Ruck Zuck Tele 5/RTL II Werner Schulze-Erdel | Jochen Bendel
38%
Achims Hitparade MDR Achim Mentzel
35%
Hobbythek WDR Jean Pütz
34%
Total Normal ARD Hape Kerkeling
31%
Die Knoff-Hoff-Show ZDF Joachim Bublath | Ramona Leiß | Babette Einstmann
26%
akte. Sat.1 Ulrich Meyer
22%
Frontal ZDF Bodo H. Hauser | Ulrich Kienzle
17%
Bitte melde dich! Sat.1 Jörg Wontorra
16%
Koffer Hoffer Tele 5 Karl Dall
8%
Keine übereinstimmenden Quizze gefunden
Verteilung der Resultate
Anzahl Personen mit jedem Resultat
Perzentil nach korrekt beantworteten Fragen
Ihre Resultats-Entwicklung
Sie haben dieses Quiz noch nicht gespielt